000 00869nam a2200229Ia 4500
003 OSt
005 20220923225413.0
006 a|||||r|||| 00| 0
007 ta
008 220922b |||||||| |||| 00| 0 san d
024 _a266,214
037 _cTextual
040 _aARTS
_cARTS
_bsan
041 _2san
_asan
082 _aR621x1,1,2, 15K9
100 _aमिश्र, शंकर
245 0 _aवैशेषिकसूत्रोपस्कार हिन्दी व्याख् ढुण्ढिराज शास्त्री
246 _aVaisheṣhikasūtropaskār hindī vyākh ḍhuṇḍhirāj shāstrī
260 _aवाराणसी
_b चौखम्बा संस्कृत सीरीज
_c1969
942 _hR621x1,1,2, 15K9
_cTEXL
_2CC
999 _c378006
_d378006